000 01753nam a22004217a 4500
003 CHAP
005 20220329143228.0
008 070507s2007 mx a r 00010 spa d
010 _a93613
011 _a94585
035 _a105180
040 _cCHAP
090 _aTesis
100 1 _aQuintanilla Morales, Aldo Romeo
_941
245 1 3 _aLa actividad turística como estrategia de reproducción campesina y sus efectos sobre la agricultura :
_bestudio de la organización turística Tikal Yaxchilán , Frontera Corozal, Chiapas
_c/por Aldo Romeo Quintanilla Morales
260 _aSan Cristóbal de las Casas, Chiapas :
_bEl autor,
_c2007
300 _a151 h. :
_bmapas., gráfs., cuadros
502 _aTesis (Ing. Agr. Esp. en Zonas Tropicales) -- UACH. Dirección de Centros Regionales Universitarios
530 _aTambién disponible en línea
590 _aALEPH
_b10
_c20130110
_lUCH01
_h1518
590 _aBATCH-UPD
_b10
_c20130110
_lUCH01
_h0722
590 _aBATCH-UPD
_b10
_c20130410
_lUCH01
_h0406
590 _aBATCH-UPD
_b10
_c20130914
_lUCH01
_h1029
590 _aBATCH-UPD
_b10
_c20140324
_lUCH01
_h1502
590 _aBATCH-UPD
_b10
_c20141002
_lUCH01
_h0834
590 _aCONVERSION
_b10
_c20130109
_lUCH01
_h1352
650 1 4 _aChiapas
_xCondiciones rurales.
_922226
650 1 4 _aComunidad
_xOrganización.
_926248
650 1 4 _aDesarrollo de la comunidad rural
_zChiapas.
_932034
650 1 4 _aEcoturismo.
_935298
650 1 4 _aSelvas
_xChiapas.
_9103823
856 _3Finding aid
_uhttp://10.13.5.2/tesis/105180.pdf
_zTeclea aqui
901 _aBK
905 _aLuis Gutiérez Merin
942 _cFOLL
949 _aTesis
_bBC
_cTES
_d33724002027009
_eTS2
_fc.2
_h46626
_i105180
_sb
949 _aTesis
_bBC
_cTES
_d33724002027017
_eTS1
_h46625
_i105180
_sb
999 _c93613
_d93613